|
|
|
|
| LEADER |
00000nab a2200000 a 4500 |
| 001 |
vtls000169178 |
| 003 |
SK-MaSNL |
| 005 |
20260303140748.0 |
| 008 |
111104c1983 xo 0 slo |
| 015 |
|
|
|a SNBRB19rr/mm-uuuuu
|
| 035 |
|
|
|a CL0179289
|
| 040 |
|
|
|a SNKBUCL
|b slo
|c SNKBUCL
|e AACR2
|
| 041 |
0 |
|
|a slo
|
| 044 |
|
|
|a xo
|c SK
|
| 080 |
|
|
|a 002.6:374(437.10)
|2 1981
|
| 080 |
|
|
|a 374(437.10)
|2 1981
|
| 100 |
1 |
|
|a E.Ď.
|4 aut
|9 925873
|
| 245 |
1 |
0 |
|a Rekvalifikačné postgraduálne štúdium (R-PGS) odbor "Vedecko-technické informácie" na VŠE v Prahe
|c E.Ď.
|
| 610 |
2 |
7 |
|a Vysoká škola ekonomická v Praze.
|b Fakulta riadenia
|2 SNKKA
|9 1159499
|
| 650 |
0 |
7 |
|a informatici
|2 snkbucl
|9 90317
|
| 651 |
|
7 |
|a 3100
|2 snkbucl
|9 920766
|
| 655 |
|
7 |
|a články z novín a časopisov
|2 snkbucl
|9 267496
|
| 655 |
|
7 |
|a články z odboru knihovníctvo
|2 snkbucl
|9 166141
|
| 773 |
0 |
|
|t Informačný a metodický spravodaj pre sieť vysokoškolských knižníc a ŠIS na Slovensku
|g Č. 1-2 (1983), s. 61-62
|
| 850 |
|
|
|a Slovenská národná knižnica v Martine
|a MTA001
|
| 852 |
|
|
|a SNK
|b KIS3GCP
|
| 958 |
|
|
|a RK
|
| 958 |
|
|
|a KL
|
| 992 |
|
|
|a RBX
|
| 999 |
|
|
|c 1973213
|d 1975143
|